Ιστορία του βόρειου ελληνισμού : Θράκη

Αποθηκεύτηκε σε:
Λεπτομέρειες βιβλιογραφικής εγγραφής
Κύριος συγγραφέας: Βακαλόπουλος, Κωνσταντίνος Απ., 1951-
Μορφή: Βιβλίο
Γλώσσα:Greek
Δημοσίευση: Θεσσαλονίκη : Αδελφοί Κυριακίδη, 1990
Θέματα:
Ετικέτες: Προσθήκη ετικέτας
Δεν υπάρχουν, Καταχωρήστε ετικέτα πρώτοι!

MARC

LEADER 00000cam a2200000 i 4500
001 1/100473
008 950417s1990 gr | ||| |||| ||gre||
020 |a 9603430056 
035 |l 10011713 
040 |a GR-MY-UA  |b gre  |e aacr 
041 0 |a gre 
082 0 |a 938.95 
100 1 |a Βακαλόπουλος, Κωνσταντίνος Απ.,   |d 1951- 
245 1 0 |a Ιστορία του βόρειου ελληνισμού :  |b Θράκη /  |c Κωνσταντίνου Α. Βακαλόπουλου 
260 |a Θεσσαλονίκη :   |b Αδελφοί Κυριακίδη,   |c 1990 
300 |a 568 σ.  |b εικ. 
504 |a Βιβλιογραφία: σ.533-568.Περιέχει ευρετήριο 
650 0 |a Greeks  |z Thrace  |x History. 
651 0 |a Thrace  |x History. 
852 |a INST  |b LESVOS  |e 19950417  |h 938.95 ΒΑΚ  |p 005100024648  |q 005100024648  |t BK  |y 0